Matematika 1

Na minha lista:
Detalhes bibliográficos
Autor principal: Fecenko, Jozef
Outros Autores: Pinda, Ľudovít, 1958-
Formato: Livro
Idioma:eslovaco
Publicado em: Bratislava Elita 1998
Assuntos:
Tags: Adicionar Tag
Sem tags, seja o primeiro a adicionar uma tag!

MARC

LEADER 00000nam a2200000 4500
001 c104269
005 20221123133125.7
020 |a 80-85323-85-0 
041 0 |a slo 
044 |a SK 
245 1 0 |a Matematika 1  |c Jozef Fecenko - Ľudovít Pinda 
264 1 |a Bratislava  |b Elita  |c 1998 
300 |a 316 s. 
610 2 0 |a matematika 
610 2 0 |a analýza ekonomická 
610 2 0 |a metódy matematické 
100 1 |a Fecenko, Jozef 
700 1 |a Pinda, Ľudovít, 1958-